Comparative studies of the construction industries in Great Britain and North America: a review (Record no. 96035)

MARC details
000 -LEADER
fixed length control field 00545cam a2200193 4500
001 - CONTROL NUMBER
control field D3916
008 - FIXED-LENGTH DATA ELEMENTS--GENERAL INFORMATION
fixed length control field 090401t1981 xxu||||| |||| 00| 0 eng d
035 ## - SYSTEM CONTROL NUMBER
System control number (Sirsi) u75538
041 ## - LANGUAGE CODE
Language code of text/sound track or separate title eng
050 ## - LIBRARY OF CONGRESS CALL NUMBER
Classification number 338.4369
100 ## - MAIN ENTRY--PERSONAL NAME
Personal name Freeman, I.L.
245 ## - TITLE STATEMENT
Title Comparative studies of the construction industries in Great Britain and North America: a review
260 ## - PUBLICATION, DISTRIBUTION, ETC.
Place of publication, distribution, etc. Garston, Watford
Name of publisher, distributor, etc. Building Research Establishment
Date of publication, distribution, etc. 1981
300 ## - PHYSICAL DESCRIPTION
Extent 20p. 30cm
350 ## - PRICE (NR) (BK AM CF MU VM SE) [OBSOLETE]
Price 0
490 ## - SERIES STATEMENT
Series statement BRE Current Paper
Volume/sequential designation 5/81
942 ## - ADDED ENTRY ELEMENTS (KOHA)
Suppress in OPAC 0
948 ## - LOCAL PROCESSING INFORMATION (OCLC); SERIES PART DESIGNATOR (RLIN)
c (OCLC) 04/03/1997
Holdings
Withdrawn status Lost status Source of classification or shelving scheme Damaged status Not for loan Home library Current library Shelving location Date acquired Total Checkouts Full call number Barcode Date last seen Date last checked out Copy number Price effective from Koha item type
    Dewey Decimal Classification     London London Boxed set 14/09/1999 1 BOXED SET 30009301 06/08/2019 18/10/2004 1 06/08/2019 Book